000
00319nam a22001337a 4500
008
170413b xxu||||| |||| 00| 0 eng d
020
_a
9780781753821
041
_a
eng
080
_2
5TH
_a
612.39
100
_a
10
101
_a
SHM
245
_a
NUTRITION ESSENTIALS FOR NURSING PRACTICE
_c
DUDEK, S.G
942
_2
udc
_c
BK
999
_c
10634
_d
10634